Ecosistemes terrestres : la resposta als incendis i a d'altres pertorbacions / Mireia Abril ... [et al.] ; coordinador, Jaume Terrades la resposta als incendis i a d'altres pertorbacions / Mireia Abril ... [et al.] ; coordinador, Jaume Terrades
Descripción Física:
201 p. : il. ; 24 cm
Colección:
Quaderns d'ecologia aplicada; 10
MARC
| LEADER | 00000nam a2200000Ia 4500 | ||
|---|---|---|---|
| 001 | 2358 | ||
| 008 | 160829s1987 xx 000 0 cat d | ||
| 080 | |a C-1-224 | ||
| 245 | |a Ecosistemes terrestres : |b la resposta als incendis i a d'altres pertorbacions / Mireia Abril ... [et al.] ; coordinador, Jaume Terrades | ||
| 260 | |a Barcelona : |b Servei del Medi Ambient de la Diputació de Barcelona, |c 1987 | ||
| 300 | |a 201 p. : |b il. ; |c 24 cm | ||
| 490 | |a Quaderns d'ecologia aplicada; 10 | ||
| 650 | |a Incendis forestals |9 42411 | ||
| 650 | |a Ecologia forestal |9 30963 | ||
| 700 | |a Abril, Mireia |9 30964 | ||
| 700 | |a Terrades, Jaume |9 30965 | ||
| 710 | 1 | |a Barcelona (Catalunya : Província). |b Servei de Medi Ambient |9 53475 | |
| 901 | |a Arxiu | ||
| 942 | |n 1 | ||
| 952 | |0 0 |1 0 |4 0 |6 C1224 |7 1 |9 45585 |a Arxiu |b Arxiu |d 2016-12-01 |l 0 |o C-1-224 |p 2358 |r 2016-12-01 00:00:00 |w 2016-12-01 |y ARXIU | ||
| 999 | |c 48753 |d 48753 | ||